[Event "Olympiad w"]
[Site "Bled SLO"]
[Date "2002.10.28"]
[Round "3"]
[White "Janevska,A"]
[Black "Srebrnic,A"]
[Result "0-1"]
[WhiteElo "2010"]
[BlackElo "2241"]

1.d4 Nf6 2.c4 g6 3.Nc3 Bg7 4.e4 d6 5.Nf3 O-O 6.Be2 e5 7.d5 c5 8.Bg5 h6 9.Bh4 Na6
10.Nd2 Nc7 11.a3 Bd7 12.O-O Kh7 13.b4 b6 14.bxc5 bxc5 15.Rb1 Qc8 16.Qc2 g5
17.Bg3 Kh8 18.Nb5 Nce8 19.Qd1 Ng8 20.Nc3 Ne7 21.f3 h5 22.h4 f6 23.Kf2 Ng6
24.Rh1 g4 25.fxg4 Nf4 26.Nf1 Nxe2 27.Nxe2 Bxg4 28.Ne3 f5 29.exf5 Bxf5 30.Nxf5 Qxf5+
31.Kg1 Bh6 32.Kh2 Nf6 33.Rf1 Qe4 34.Kh1 Qxc4 35.Rb7 Qxd5 36.Qb1 Qe4 37.Qd1 Qxb7  0-1

[Event "Olympiad"]
[Site "Bled SLO"]
[Date "2002.10.28"]
[Round "3"]
[White "Saeheng,B"]
[Black "Alvarez,Joh"]
[Result "0-1"]
[WhiteElo "2306"]
[BlackElo "2382"]

1.Nf3 Nf6 2.d4 g6 3.c4 Bg7 4.Nc3 O-O 5.e4 d6 6.Be2 Na6 7.O-O e5 8.Be3 Ng4
9.Bg5 Qe8 10.Re1 f6 11.Bh4 Nh6 12.dxe5 dxe5 13.Qc2 c6 14.Rad1 Nf7 15.Nd2 h5
16.Bg3 Qe7 17.Nb3 f5 18.f3 h4 19.Bf2 h3 20.exf5 Bxf5 21.Ne4 hxg2 22.Be3 Kh7
23.a3 Rh8 24.Bd3 Kg8 25.Re2 Rh3 26.Ng3 Bxd3 27.Qxd3 Rd8 28.Qc2 Rxd1+ 29.Qxd1 Qh4
30.Rxg2 Qxc4 31.Ne4 Qe6 32.Kh1 b6 33.Nbd2 Nc7 34.Qg1 Kh7 35.Nf2 Rh5 36.Nde4 Nd5
37.Bd2 Bh6 38.Bxh6 Kxh6 39.Ng4+ Kg7 40.Ngf6 Rh6 41.Ng4 Rh3 42.Qd1 Qf5 43.Rg3 Rh8
44.Qa4 Nf4 45.Qxa7 Ne2 46.Kg2 Nxg3 47.hxg3 Rd8 48.Ngf2 b5 49.Qe7 Rd7 50.Qc5 Qe6
51.Qe3 Qd5 52.Ng4 Qd4 53.Qb3 Qc4 54.Qxc4 bxc4 55.Ne3 Rd4 56.Kf1 Kf8 57.a4 Ke7
58.Ke2 Nd6 59.Nc3 Nf5 60.Ng4 Ke6 61.Ne4 Rd8 62.Ngf2 Nd4+ 63.Ke3 Nb3 64.f4 Ra8
65.Ng4 exf4+ 66.gxf4 Rxa4 67.Ne5 Ra2 68.Nxc4 Na5 69.Ne5 Rxb2 70.Nxg6 Rb3+
71.Kd4 Rb4+ 72.Ke3 Nc4+ 73.Kd3 Nd6 74.Nf8+ Kf7 75.Nxd6+ Kxf8 76.Nc4 Ke7 77.Kd4 Rb5
78.Ne5 Kd6 79.Nc4+ Kc7 80.Ke4 Rb4 81.Kd4 Rb1 82.f5 Rb5 83.Ke4 Kd7 84.Ne5+ Kd6
85.Nc4+ Ke7 86.Ne3 Kf6 87.Ng4+ Ke7 88.Ne3 Rc5 89.Kd4 Ra5 90.Ke4 Rb5 91.Kd4 Kf6
92.Kc4 Ke5 93.Nc2 Kd6 94.Ne3 Re5 95.Kd3 Kc5 96.f6 Re6 97.Ng4 Kd6 98.Nf2 Re5
99.Ne4+ Ke6 100.Kd4 Rf5 101.f7 Rd5+ 102.Kc4 Ke5  0-1

[Event "Olympiad"]
[Site "Bled SLO"]
[Date "2002.10.28"]
[Round "3"]
[White "Barus,C"]
[Black "Damljanovic,B"]
[Result "1-0"]
[WhiteElo "2479"]
[BlackElo "2550"]

1.d4 Nf6 2.c4 g6 3.Nc3 Bg7 4.e4 d6 5.Nf3 O-O 6.Be2 e5 7.Be3 Na6 8.O-O Ng4
9.Bg5 Qe8 10.dxe5 dxe5 11.h3 f6 12.Bd2 Nh6 13.Be3 Nf7 14.c5 c6 15.Qa4 Nc7
16.Bc4 Ne6 17.Qc2 Kh8 18.Rfe1 f5 19.Ne2 f4 20.Bd2 Qe7 21.Bxe6 Bxe6 22.Kh2 g5
23.Rh1 Bf6 24.Kg1 Rg8 25.Kf1 Rg6 26.Ne1 Kg7 27.a4 h5 28.g3 Qd7 29.Kg2 Rh8
30.Ra3 g4 31.gxf4 gxh3+ 32.Kf1 exf4 33.Nxf4 Rg4 34.Nf3 Qe7 35.Nxe6+ Qxe6
36.Re3 Kf8 37.e5 Be7 38.b4 Rhg8 39.Qb3 Rc4 40.Ke2 Nd8 41.Rxh3 Qxh3 42.Qxc4 Rg4
43.Qd3 Rf4 44.Re4 Rf7 45.Rf4 Ne6 46.Rxf7+ Kxf7 47.Qh7+ Ke8 48.Qg6+ Kd7 49.Be3 a5
50.Qd3+ Kc8 51.bxa5 Nc7 52.Qg6 Qe6 53.Qxh5 Qc4+ 54.Ke1 Nd5 55.Qe8+ Kc7 56.Nd4 Qc3+
57.Ke2 Qc4+ 58.Kf3 Nxe3 59.Qxe7+ Kb8 60.Qd8+ Ka7 61.Ke4  1-0

[Event "10th Chigorin Mem"]
[Site "St Petersburg RUS"]
[Date "2002.10.28"]
[Round "4"]
[White "Iskusnyh,S"]
[Black "Kornev,Alexe"]
[Result "1/2-1/2"]
[WhiteElo "2492"]
[BlackElo "2566"]

1.d4 Nf6 2.c4 g6 3.Nc3 Bg7 4.e4 d6 5.Be2 O-O 6.Nf3 e5 7.Be3 Nbd7 8.O-O c6
9.Qc2 Qe7 10.d5 c5 11.Nd2 Ne8 12.g4 Bf6 13.f3 Bg5 14.Bf2 Bh4 15.Be3 f5 16.gxf5 gxf5
17.exf5 Ng7 18.Bd3 Kh8 19.Kh1 Nf6 20.Rg1 Ng8 21.f6 Nxf6 22.Bh6 Rf7 23.Ne2 Ng8
24.Bxg7+ Rxg7 25.Rxg7 Qxg7 26.Rg1 Qf7 27.Ng3 Bxg3 28.hxg3 Ne7 29.g4 b5 30.Rg2 Kg7
31.Rh2 h6 32.Be4 Bd7 33.Nf1 Qf4 34.Kg2 bxc4 35.Qxc4 Rb8 36.Qc3 Rb4 37.Ng3 Be8
38.Ne2 Qg5 39.a3 Rb7 40.Ng3 Bf7 41.b4 cxb4 42.axb4 Rb8 43.Rh1 Rc8 44.Qd3 Rc7
45.Ra1 Kh8 46.Ra6 Ng6 47.Ne2 h5 48.Rxd6 Kg7 49.Rc6 Rd7 50.Bxg6 Bxg6 51.Qc4 hxg4
52.Qxg4 Qxg4+ 53.fxg4 Be4+ 54.Kf2 Bxd5 55.Rc5 Kf6 56.Ke3 Bb7 57.Ra5  1/2-1/2

[Event "Olympiad"]
[Site "Bled SLO"]
[Date "2002.10.29"]
[Round "4"]
[White "Timoscenko,G"]
[Black "Vajda,L"]
[Result "0-1"]
[WhiteElo "2509"]
[BlackElo "2576"]

1.Nf3 Nf6 2.c4 g6 3.Nc3 Bg7 4.e4 d6 5.d4 O-O 6.Be2 e5 7.Be3 Na6 8.O-O Ng4
9.Bg5 Qe8 10.dxe5 dxe5 11.h3 h6 12.Bc1 Nf6 13.Be3 Nh5 14.Re1 c6 15.c5 Be6
16.Nd2 Nf4 17.Nc4 Qe7 18.Bf1 Bxc4 19.Bxc4 Nxc5 20.b4 Nce6 21.Bxe6 Nxe6 22.b5 Rfd8
23.Qa4 Nd4 24.bxc6 bxc6 25.Rac1 Rab8 26.Nb1 Rb4 27.Qa3 Qb7 28.Nd2 Qb5 29.Kh1 a5
30.Nb3 a4 31.Nc5 Bf8 32.Qc3 Rb2 33.Nxa4 Re2 34.Rxe2 Nxe2 35.Qxc6 Qb4 36.Rf1 Qa3
37.Qc4 Rd3 38.Re1 Nd4 39.Bc1 Rxh3+  0-1

[Event "Olympiad w"]
[Site "Bled SLO"]
[Date "2002.10.29"]
[Round "4"]
[White "Sharevich,A"]
[Black "Te Llalemand,R"]
[Result "0-1"]
[WhiteElo "2257"]
[BlackElo "2301"]

1.d4 Nf6 2.Nf3 g6 3.c4 Bg7 4.Nc3 O-O 5.e4 d6 6.Be2 e5 7.d5 c5 8.Bg5 h6 9.Bh4 Nbd7
10.Nd2 a6 11.O-O Qc7 12.a3 Nh7 13.b4 f5 14.exf5 gxf5 15.bxc5 Nxc5 16.Na4 Nxa4
17.Qxa4 Nf6 18.Rac1 Kh8 19.Qb4 b6 20.a4 a5 21.Qa3 Bd7 22.Rb1 Be8 23.Rb3 Bg6
24.f3 e4 25.Bf2 Nd7 26.fxe4 fxe4 27.Rg3 Ne5 28.Qe3 Qc5 29.Nb3 Qxe3 30.Bxe3 Rxf1+
31.Bxf1 Be8 32.Nd2 Bxa4 33.Nxe4 Nf7 34.Bxb6 Bc2 35.Bd3 Bxd3 36.Rxd3 Ne5 37.Rd1 Nxc4
38.Bd4 a4 39.Bxg7+ Kxg7 40.Nc3 a3 41.Rc1 Kf6 42.Rc2 Ke5 43.Kf2 Kd4 44.Nb5+ Kc5
45.Nc3 Kb4 46.Na2+ Kb3 47.Re2 Ra5 48.Nc1+ Kc3 49.Na2+ Kd4 50.Nb4 Kc5 51.Na2 Kxd5
52.Ke1 Kd4 53.Nb4 Rb5 54.Nc2+ Kc3 55.Nxa3 Nxa3 56.Kf2 Rb2 57.Rxb2 Kxb2 58.g4 Nc4
59.h4 Kc3 60.Kf3 Kd4 61.Kf4 Ne5 62.h5 Nxg4 63.Kxg4 Ke5  0-1

[Event "Olympiad"]
[Site "Bled SLO"]
[Date "2002.10.29"]
[Round "4"]
[White "Yeke,S"]
[Black "Fonseka,C"]
[Result "0-1"]
[WhiteElo "2280"]
[BlackElo "2141"]

1.Nf3 Nf6 2.c4 g6 3.Nc3 Bg7 4.e4 d6 5.d4 O-O 6.Be2 e5 7.d5 Nbd7 8.Be3 a5
9.Nd2 b6 10.h4 Nc5 11.a3 Bd7 12.b4 Na6 13.Rb1 Ne8 14.g4 f5 15.gxf5 gxf5 16.Bg5 Nf6
17.Rg1 Kh8 18.Bd3 f4 19.Qe2 Qc8 20.Nf3 Ng4 21.c5 axb4 22.axb4 Nxb4 23.Rxb4 bxc5
24.Rb1 h6 25.Kd2 Kg8 26.Rg2 Kf7 27.Rbg1 hxg5 28.hxg5 Rh8 29.Rxg4 Bxg4 30.Rxg4 Qb8
31.Nh4 Qb2+ 32.Bc2 Ra1 33.g6+ Kf6 34.Rxf4+ exf4 35.e5+ dxe5 36.Qg4 Qc1+ 37.Kd3 Qf1+
38.Ne2 Qxf2 39.Qf5+ Ke7 40.Qf7+ Kd8 41.Nf5 e4+ 42.Kxe4 Qxe2+ 43.Kxf4 Rf1+  0-1

[Event "10th Chigorin Mem"]
[Site "St Petersburg RUS"]
[Date "2002.10.29"]
[Round "5"]
[White "Kiselev,S"]
[Black "Kirusha,A"]
[Result "1/2-1/2"]
[WhiteElo "2432"]
[BlackElo "2386"]

1.d4 Nf6 2.c4 g6 3.Nc3 Bg7 4.e4 d6 5.Nf3 O-O 6.Be2 e5 7.Be3 Ng4 8.Bg5 Qe8
9.d5 h6 10.Bc1 f5 11.O-O Nf6 12.exf5 Bxf5 13.Nh4 Na6 14.Nxf5 gxf5 15.Qc2 Qg6
16.f3 Rae8 17.Be3 Rf7 18.Kh1 h5 19.g3 e4 20.fxe4 Ng4 21.Bg1 fxe4 22.Rxf7 Qxf7
23.Rf1 Qg6 24.Rf4 Nb4 25.Qb1 Bxc3 26.bxc3 Nd3 27.Rf1 b6 28.Bd4 Qg5 29.Qc2 Rf8
30.Rxf8+ Kxf8 31.Bxd3 exd3 32.Qxd3 b5 33.h3 Ne5 34.Bxe5 dxe5 35.cxb5 e4 36.Qxe4 Qxg3
37.Qf5+ Ke7 38.Qxh5 Qxc3 39.Qe2+ Kd8 40.Kg2 Qg7+ 41.Kh2 Qd4 42.Kg3 Qxd5 43.h4 Qd6+
44.Kh3 Qd7+ 45.Kg2 Qd5+ 46.Kf2 Qd4+ 47.Kg3 Qd6+ 48.Kg2 Qd5+ 49.Kg1 Qc5+ 50.Kf1 Qd5
51.h5 Qh1+ 52.Kf2 Qh4+ 53.Ke3 Qe7+ 54.Kd3 Qa3+ 55.Kc4 Qc1+ 56.Kd5 Qh6 57.Qe5 a6
58.a4 axb5 59.axb5 Kd7 60.Qf5+ Kd8 61.Qg6 Qd2+ 62.Kc6 Qd7+ 63.Kc5 Qe7+ 64.Kc4 Qh4+
65.Kd5 Qb4 66.Qg8+ Kd7 67.Qe6+ Kd8 68.Qf6+ Ke8 69.Qg6+ Kd8 70.Qd3 Kc8 71.Kc6 Qe7
72.Qf5+ Kb8 73.Kd5 Kb7 74.Qe5 Qd7+ 75.Kc5 Qh3 76.Kd4 Kc8 77.Ke4 Qg4+ 78.Ke3 Qh3+
79.Kd4 Qg4+ 80.Kc5 Qh3 81.Qg5 Qc3+ 82.Kd5 Qb3+ 83.Ke4 Qc4+ 84.Kf3 Qd3+ 85.Kg2 Qe2+
86.Kh3 Qf3+ 87.Kh4 Qh1+ 88.Kg4 Qe4+ 89.Qf4 Qg2+ 90.Kf5 Qc2+ 91.Kf6 Kb7 92.Qg5 Qb2+
93.Kg6 Qh8 94.Qd5+ Kc8 95.h6 Qe8+ 96.Qf7 Qe4+ 97.Kg7 Qg4+ 98.Qg6 Qd7+ 99.Qf7 Qg4+
100.Kh7 Qe4+ 101.Kh8 Qe5+ 102.Kg8 Qg5+  1/2-1/2

[Event "Olympiad"]
[Site "Bled SLO"]
[Date "2002.10.30"]
[Round "5"]
[White "Mbambara,T"]
[Black "Rama,L"]
[Result "0-1"]
[WhiteElo "2097"]
[BlackElo "2348"]

1.d4 Nf6 2.c4 g6 3.Nc3 Bg7 4.e4 d6 5.Nf3 O-O 6.Be2 e5 7.O-O Nh5 8.Re1 Nf4
9.dxe5 dxe5 10.Bxf4 exf4 11.Qxd8 Rxd8 12.Nd5 Na6 13.Rad1 Bg4 14.Nxf4 Bxb2
15.Rxd8+ Rxd8 16.Nd3 Ba3 17.Rb1 Bxf3 18.gxf3 b6 19.Rb3 Bf8 20.Kg2 Nb8 21.Rb5 c5
22.Rb2 Bh6 23.Bf1 Nc6 24.a4 Rd4 25.Rc2 Na5 26.Nb2 Kg7 27.Be2 Kf6 28.Nd1 Rd2
29.Rxd2 Bxd2 30.Ne3 Ke5 31.Nc2 Nc6 32.Bf1 Nb4 33.Ne3 Kd4 34.Nd5 Nxd5 35.exd5 Bf4
36.Kh3 h5 37.Kh4 Kc3 38.Bh3 Kxc4 39.Be6 fxe6 40.dxe6 Bd6 41.Kg5 Kd5 42.Kxg6 Ke5  0-1

[Event "Olympiad w"]
[Site "Bled SLO"]
[Date "2002.10.30"]
[Round "5"]
[White "Caoili,A"]
[Black "Shliahtich,G"]
[Result "0-1"]
[WhiteElo "2309"]
[BlackElo "2197"]

1.Nf3 Nf6 2.c4 g6 3.Nc3 Bg7 4.e4 d6 5.d4 O-O 6.Be2 e5 7.Be3 Ng4 8.Bg5 f6
9.Bh4 Nc6 10.d5 Ne7 11.Nd2 h5 12.h3 Nh6 13.f3 c5 14.dxc6 bxc6 15.b4 Be6 16.Qc2 Rc8
17.Nb3 Bf7 18.Qd2 g5 19.Bf2 Qd7 20.Rd1 Rfd8 21.h4 g4 22.Be3 Kh7 23.Bc5 Ng6
24.Bxd6 Qe6 25.c5 gxf3 26.gxf3 Bf8 27.Ba6 Rc7 28.Na5 Be8 29.Bc4 Qc8 30.Qe2 Rg7
31.Bxf8 Nxf8 32.Ba6 Qc7 33.Nc4 Ne6 34.Rxd8 Qxd8 35.Nd6 Nf7 36.Nxe8 Qxe8 37.Qe3 Nd4
38.Kd1 Nd8 39.Bc8 N8e6 40.Bxe6 Qxe6 41.Kc1 Rg2 42.Kb1 Qc4  0-1

[Event "Olympiad"]
[Site "Bled SLO"]
[Date "2002.10.30"]
[Round "5"]
[White "Magai,V"]
[Black "Roselli Mailhe,B"]
[Result "1/2-1/2"]
[WhiteElo "2531"]
[BlackElo "2446"]

1.d4 Nf6 2.c4 g6 3.Nc3 Bg7 4.e4 d6 5.Nf3 O-O 6.Be2 e5 7.Be3 Ng4 8.Bg5 f6
9.Bh4 Nc6 10.d5 Ne7 11.Nd2 f5 12.h3 Nf6 13.g4 h6 14.f3 fxg4 15.fxg4 g5 16.Bf2 Ng6
17.Nf1 Nf4 18.Ne3 c6 19.Nf5 Bxf5 20.gxf5 cxd5 21.cxd5 Qa5 22.Kf1 Rac8 23.Bf3 h5
24.Be3 Qb4 25.Qb3 Rc4 26.Bxf4 exf4 27.Rg1 Bh6 28.Qxb4 Rxb4 29.Rg2 Kf7 30.a3 Rc4
31.Ke2 Ke7 32.Kd3 Rfc8 33.Rag1 Nd7 34.Bxh5 Ne5+ 35.Kc2 Rxe4 36.Re2 Rxe2+
37.Bxe2 f3 38.Bd3 Rg8 39.Ne4 Rc8+ 40.Nc3 Rg8 41.Ne4  1/2-1/2

[Event "Olympiad"]
[Site "Bled SLO"]
[Date "2002.10.30"]
[Round "5"]
[White "Bischoff,K"]
[Black "Dydyshko,V"]
[Result "1/2-1/2"]
[WhiteElo "2554"]
[BlackElo "2539"]

1.Nf3 Nf6 2.c4 g6 3.Nc3 Bg7 4.e4 O-O 5.d4 d6 6.Be2 e5 7.O-O Na6 8.Re1 Qe8
9.Bf1 Bg4 10.d5 Nb4 11.Be2 a5 12.g3 Qe7 13.Bg5 h6 14.Bd2 c6 15.Be3 Bh3 16.Nh4 Kh7
17.f3 Nd7 18.Qd2 Bf6 19.Ng2 Bxg2 20.Kxg2 Bg5 21.Bxg5 Qxg5 22.Rad1 Nc5 23.Qxg5 hxg5
24.Rd2 Rfd8 25.Red1 cxd5 26.cxd5 a4 27.a3 Nba6 28.Rc2 Nc7 29.Nb1 Kg7 30.Nd2 b5
31.Rdc1 Rdb8 32.Kf2 Kf6 33.Rc3 Ne8 34.b4 axb3 35.Nxb3 Rxa3 36.Nxc5 Rxc3 37.Rxc3 dxc5
38.Rxc5 Nd6 39.Rc7 b4 40.Rd7 Nb5 41.Bc4 Nd4 42.d6 Ne6 43.Bb3 Rb6 44.h4 gxh4
45.gxh4 Rc6 46.Rb7 Rxd6 47.Bxe6 Kxe6 48.Rxb4 f5 49.f4 exf4  1/2-1/2

[Event "Olympiad"]
[Site "Bled SLO"]
[Date "2002.10.30"]
[Round "5"]
[White "Pitterson,J"]
[Black "Belli,M"]
[Result "0-1"]
[WhiteElo "2248"]
[BlackElo "2401"]

1.d4 Nf6 2.c4 g6 3.Nc3 Bg7 4.e4 d6 5.Nf3 O-O 6.Be2 e5 7.O-O Na6 8.Be3 Ng4
9.Bg5 f6 10.Bd2 f5 11.Bg5 Qe8 12.d5 h6 13.h3 Nxf2 14.Kxf2 hxg5 15.Nxg5 Qe7
16.h4 Bh6 17.Qd2 Nc5 18.Kg1 a5 19.Rae1 Bd7 20.Bd1 Rf7 21.Bc2 Raf8 22.b3 Rh7
23.Bd1 Rff7 24.g3 Bxg5 25.Qxg5 Qxg5 26.hxg5 Rh3 27.Kg2 f4 28.Rf3 Rfh7 29.gxf4 Rh2+
30.Kf1 Rh1+ 31.Kf2 R7h2+ 32.Kg3 exf4+ 33.Rxf4 Rh3+  0-1

[Event "Olympiad w"]
[Site "Bled SLO"]
[Date "2002.10.31"]
[Round "6"]
[White "Janevska,A"]
[Black "Jiretorn,E"]
[Result "1-0"]
[WhiteElo "2010"]
[BlackElo "2109"]

1.d4 Nf6 2.c4 g6 3.Nc3 Bg7 4.e4 d6 5.Nf3 O-O 6.Be2 e5 7.d5 a5 8.h3 Na6 9.Bg5 Nc5
10.Nd2 h6 11.Bh4 Bd7 12.O-O Qe8 13.b3 Nh7 14.a3 f5 15.exf5 Bxf5 16.b4 e4
17.Rc1 axb4 18.axb4 Na6 19.Nb5 Rc8 20.Qb3 Qe5 21.g4 Bd7 22.Bg3 Qb2 23.Qxb2 Bxb2
24.Rb1 Bg7 25.Nxe4 Rce8 26.Bd3 Be5 27.Bxe5 Rxe5 28.f4 Re7 29.Kg2 Kg7 30.Nd4 Nf6
31.Nxf6 Rxf6 32.Nc2 c6 33.Kg3 cxd5 34.cxd5 Rf8 35.Rbe1 Rfe8 36.Bxa6 bxa6
37.Rxe7+ Rxe7 38.Re1 Rxe1 39.Nxe1 Bb5 40.Nc2 Kf6 41.h4 Bd3 42.Ne3 Be4 43.g5+ hxg5
44.hxg5+ Ke7 45.Kf2 Kd7 46.Ke2 Kc7 47.Kd2 Kb6 48.Kc3 Kb5 49.Kd4 Bb1 50.f5 gxf5
51.g6 f4 52.g7 Bh7 53.Ng4 Kxb4 54.Nf6 Bg8 55.Nxg8 f3 56.Ke3 f2 57.Kxf2 a5
58.Ne7 a4 59.g8=Q a3 60.Qg7  1-0

[Event "Olympiad"]
[Site "Bled SLO"]
[Date "2002.10.31"]
[Round "6"]
[White "Ljubojevic,L"]
[Black "Spasov,V"]
[Result "1/2-1/2"]
[WhiteElo "2557"]
[BlackElo "2591"]

1.d4 Nf6 2.c4 g6 3.Nc3 Bg7 4.e4 d6 5.Nf3 O-O 6.Be2 e5 7.Be3 Ng4 8.Bg5 f6
9.Bc1 Nc6 10.d5 Ne7 11.h3 Nh6 12.h4 f5 13.Ng5 fxe4 14.g4 c6 15.Ngxe4 cxd5
16.Nxd5 Be6 17.Bg5 Bxd5 18.cxd5 Nf7 19.Qd2 Nxg5 20.hxg5 Rc8 21.Kf1 Qb6 22.Kg2 Qd4
23.Qxd4 exd4 24.Rac1 Be5 25.Bc4  1/2-1/2

[Event "IM It"]
[Site "Rosny sous Bois FRA"]
[Date "2002.10.31"]
[Round "6"]
[White "Piot,O"]
[Black "Bellaiche,A"]
[Result "1-0"]
[WhiteElo "2252"]
[BlackElo "2369"]

1.d4 Nf6 2.c4 g6 3.Nc3 Bg7 4.e4 d6 5.Nf3 O-O 6.Be2 e5 7.dxe5 dxe5 8.Qxd8 Rxd8
9.Bg5 Nbd7 10.O-O-O Re8 11.Nb5 Nxe4 12.Nxc7 Nxg5 13.Nxe8 Bh6 14.Nxg5 Bxg5+
15.Kb1 Nc5 16.Nd6 Ne6 17.Bf3 Nd4 18.Bxb7 Bxb7 19.Nxb7 Rc8 20.Rhe1 Rxc4 21.Rxe5 Bf6
22.Re8+ Kg7 23.Nd6 Rc6 24.Ne4 Ne6 25.Nxf6 Kxf6 26.Rd7 a6 27.Ree7  1-0

[Event "Olympiad"]
[Site "Bled SLO"]
[Date "2002.11.01"]
[Round "7"]
[White "Barus,C"]
[Black "Lane,G"]
[Result "1-0"]
[WhiteElo "2479"]
[BlackElo "2436"]

1.d4 Nf6 2.c4 g6 3.Nc3 Bg7 4.e4 d6 5.Nf3 O-O 6.Be2 e5 7.Be3 Na6 8.O-O Ng4
9.Bg5 Qe8 10.dxe5 dxe5 11.h3 h6 12.Bc1 Nf6 13.Be3 Qe7 14.Nd5 Qd8 15.Qc2 c6
16.Nxf6+ Qxf6 17.Rfd1 Kh7 18.a3 Qe7 19.b4 f5 20.Qb2 f4 21.Bd2 g5 22.Bc3 Re8
23.Qd2 g4 24.hxg4 Bxg4 25.Qd6 Nc7 26.Rd2 Qxd6 27.Rxd6 Ne6 28.Ng5+ hxg5 29.Bxg4 Nd4
30.Rd7 Rab8 31.Rd1 Kg8 32.Rd3 Bf6 33.b5 cxb5 34.cxb5 Nxb5 35.Bb4 Nd4 36.Rh3 Red8
37.Rc7 Re8 38.Rh6 Bd8 39.Rg6+ Kh8 40.Rf7 a5 41.Bd6 Ra8 42.Bd7  1-0

[Event "Olympiad"]
[Site "Bled SLO"]
[Date "2002.11.01"]
[Round "7"]
[White "Ehlvest,J"]
[Black "Kozul,Z"]
[Result "1-0"]
[WhiteElo "2600"]
[BlackElo "2565"]

1.d4 Nf6 2.Nf3 g6 3.c4 Bg7 4.Nc3 O-O 5.e4 d6 6.Be2 e5 7.Be3 c6 8.d5 Ng4 9.Bg5 f6
10.Bh4 h5 11.Nd2 Nh6 12.f3 c5 13.O-O Nf7 14.Bd3 Bh6 15.Qe2 Kg7 16.a3 Nd7
17.Rab1 Rh8 18.b4 b6 19.Bc2 Nf8 20.Rfe1 Bd7 21.Ba4 Bxa4 22.Nxa4 Qc8 23.Nf1 f5
24.bxc5 bxc5 25.exf5 gxf5 26.Bf2 Ng6 27.Qc2 h4 28.Ne3 Bxe3 29.Rxe3 Kf6 30.Reb3 Ng5
31.h3 Rh7 32.Nc3 Qa6 33.Nd1 f4 34.Be1 Rf7 35.Nf2 Kg7 36.Qd3 Raf8 37.Rb8 Rxb8
38.Rxb8 Ne7 39.Ne4 Nxe4 40.fxe4 Ng6 41.Qb3 Kh7 42.Bd2 Rg7 43.a4 Nh8 44.Be1 Nf7
45.Bxh4 Qa5 46.Qd1 Nh6 47.Bf6 Rg6  1-0

[Event "Olympiad"]
[Site "Bled SLO"]
[Date "2002.11.01"]
[Round "7"]
[White "Williams,Lei"]
[Black "Sharavdorj,D"]
[Result "1/2-1/2"]
[WhiteElo "2288"]
[BlackElo "2418"]

1.d4 Nf6 2.c4 g6 3.Nc3 Bg7 4.e4 d6 5.Nf3 O-O 6.Be2 e5 7.d5 a5 8.Bg5 h6 9.Bh4 Na6
10.O-O Bd7 11.Nd2 Qe8 12.a3 Nh7 13.Kh1 h5 14.f3 Bf6 15.Bf2 Bg5 16.b3 Qe7
17.Rb1 Nf6 18.b4 b6 19.c5 bxc5 20.Bxa6 axb4 21.axb4 cxb4 22.Bb7 bxc3 23.Bxa8 Rxa8
24.Nb3 Ra2 25.Qd3 h4 26.Ra1 Rxa1 27.Rxa1 Nh5 28.Qxc3 Bf4 29.Qe1 Bg5 30.Ra7 h3
31.g3 Qf6 32.Qe2 Bb5 33.Qd1 c5 34.dxc6 Bxc6 35.Kg1 Qe6 36.Na5 Bb5 37.Rb7 Be8
38.Rb8 Nf6 39.Qb3 Qd7 40.Rb7 Qc8 41.Qc4 Qa8 42.Ra7 Qb8 43.Rb7 Qa8 44.Ra7 Qb8
45.Nb3 Bd7 46.Qd3 Be6 47.Nd2 Qb2 48.Nf1 d5 49.Rc7 dxe4 50.fxe4 Qb4 51.Rc5 Ng4
52.Rc2 Nf6 53.Rc5 Ng4 54.Rc2 Nf6  1/2-1/2

[Event "Olympiad"]
[Site "Bled SLO"]
[Date "2002.11.01"]
[Round "7"]
[White "Timoscenko,G"]
[Black "Nedev,T"]
[Result "1-0"]
[WhiteElo "2509"]
[BlackElo "2481"]

1.d4 Nf6 2.c4 g6 3.Nc3 Bg7 4.e4 d6 5.Nf3 O-O 6.Be2 e5 7.Be3 Ng4 8.Bg5 f6
9.Bh4 g5 10.Bg3 Nh6 11.h3 Nc6 12.dxe5 dxe5 13.Qxd8 Nxd8 14.Nd5 Rf7 15.O-O-O Nc6
16.h4 g4 17.Ng5 fxg5 18.hxg5 Nf5 19.exf5 Bxf5 20.Rh4 Nd4 21.Bxg4 Bxg4 22.Rxg4 Ne2+
23.Kc2 Nxg3 24.fxg3 Rf2+ 25.Rd2 Rxd2+ 26.Kxd2 c6 27.Nf6+ Kf7 28.Nxh7 Kg6
29.Rh4 Rd8+ 30.Ke2 Rd6 31.Nf6 Bxf6 32.gxf6 Rxf6 33.Rg4+ Kf7 34.Rg5 Re6 35.Ke3 c5
36.Ke4 Rd6 37.Rxe5 Rd4+ 38.Kf5 Rxc4 39.Rd5 Ke7 40.Rd2 Ra4 41.a3 Ra6 42.g4 Rf6+
43.Kg5 Rc6 44.Kh5 c4 45.g5 c3 46.Rc2 cxb2 47.Rxb2 b6 48.Rf2 Rc3 49.a4 Rc8
50.g6 Rf8 51.g7  1-0

[Event "Olympiad w"]
[Site "Bled SLO"]
[Date "2002.11.01"]
[Round "7"]
[White "Zhao Xue"]
[Black "Te Llalemand,R"]
[Result "1-0"]
[WhiteElo "2367"]
[BlackElo "2301"]

1.d4 Nf6 2.Nf3 g6 3.c4 Bg7 4.Nc3 d6 5.e4 O-O 6.Be2 e5 7.Be3 Ng4 8.Bg5 f6
9.Bh4 Nc6 10.d5 Ne7 11.Nd2 Nh6 12.f3 Nf7 13.b4 f5 14.c5 f4 15.Nc4 g5 16.Bf2 Ng6
17.g4 fxg3 18.hxg3 g4 19.fxg4 b6 20.Ne3 a5 21.a3 Nf4 22.Rc1 axb4 23.axb4 Nxe2
24.Qxe2 bxc5 25.bxc5 Ba6 26.Qd1 Nh6 27.Nf5 Nxf5 28.gxf5 c6 29.Qh5 h6 30.Be3 Rf6
31.dxc6 dxc5 32.c7 Qd3 33.Kf2 Bb7 34.Rhd1 Qa6 35.Ra1 Qxa1 36.Rxa1 Rxa1 37.Qe8+ Rf8
38.Qe6+ Kh8 39.Bxh6 Ra6 40.Bxg7+ Kxg7 41.Qxe5+ Kg8 42.Nd5 c4 43.f6  1-0

[Event "Olympiad"]
[Site "Bled SLO"]
[Date "2002.11.01"]
[Round "7"]
[White "Nielsen,PH"]
[Black "De la Riva Aguado,O"]
[Result "1/2-1/2"]
[WhiteElo "2620"]
[BlackElo "2515"]

1.d4 Nf6 2.Nf3 g6 3.c4 Bg7 4.Nc3 d6 5.e4 O-O 6.Be2 Na6 7.O-O e5 8.Re1 Qe8
9.Bf1 Bg4 10.d5 Nb4 11.a3 Bxf3 12.gxf3 Na6 13.b4 Nd7 14.Be3 f5 15.Rc1 Rf7
16.Na4 Nb6 17.Nb2 Nd7 18.c5 dxc5 19.bxc5 f4 20.c6 fxe3 21.cxb7 exf2+ 22.Kxf2 Rb8
23.Bxa6 Rf6 24.d6 Rxd6 25.Qxd6 cxd6 26.Rc8 Nc5 27.Rxe8+ Rxe8 28.Bc4+ Kf8
29.Bd5 Nxb7 30.Nd3 Nc5 31.Nxc5 dxc5 32.Rb1 Bf6 33.Ke2 Kg7 34.a4 c4 35.Bxc4 Re7
36.a5 Rc7 37.Kd3 Be7 38.Bd5  1/2-1/2

[Event "Olympiad w"]
[Site "Bled SLO"]
[Date "2002.11.01"]
[Round "7"]
[White "Meza,A"]
[Black "Gaponenko,I"]
[Result "0-1"]
[WhiteElo "2058"]
[BlackElo "2411"]

1.d4 Nf6 2.c4 g6 3.Nc3 Bg7 4.e4 d6 5.Nf3 O-O 6.Be2 Na6 7.O-O e5 8.dxe5 dxe5
9.Qxd8 Rxd8 10.Bg5 c6 11.Rad1 Re8 12.Be3 Ng4 13.Bg5 f6 14.Bc1 Nh6 15.Be3 Bf8
16.a3 Ng4 17.Bc1 f5 18.b4 Nf6 19.c5 fxe4 20.Ng5 Bf5 21.Bc4+ Kg7 22.Nf7 h5
23.Bh6+ Kh7 24.Bg5 Kg7 25.Bh6+ Kh7 26.Bg5 Kg7 27.Nd6 Bxd6 28.Bxf6+ Kxf6 29.Rxd6+ Kg7
30.Bxa6 bxa6 31.Rxc6 a5 32.b5 Rec8 33.Rxc8 Rxc8 34.c6 Rd8 35.Rc1 Rd4 36.Ne2 Ra4
37.Rc3 Kf7 38.Kf1 Ke7 39.Ng3 Bc8 40.Re3 Be6 41.Rc3 Kd8 42.Ke2 Kc7 43.Rc5 h4
44.Nf1 Rxa3 45.Nd2 Ra4 46.Rxe5 Kd6 47.Rxe4 Rb4 48.Re3 Rxb5 49.Rc3 Kc7 50.Nf3 h3
51.gxh3 Bxh3 52.Nd4 Rb2+ 53.Ke3 Bc8 54.h4 Rb1 55.Kf4 a6 56.Rg3 a4 57.Kg5 Rd1
58.Nc2 Bf5 59.Ne3 Rd3 60.h5 a3 61.h6 a2 62.Rg1 Rxe3 63.Rh1 Re8 64.Kf6 Bb1  0-1

[Event "Olympiad"]
[Site "Bled SLO"]
[Date "2002.11.01"]
[Round "7"]
[White "Dorfman,J"]
[Black "Damljanovic,B"]
[Result "1/2-1/2"]
[WhiteElo "2617"]
[BlackElo "2550"]

1.d4 Nf6 2.c4 g6 3.Nc3 Bg7 4.e4 d6 5.Nf3 O-O 6.Be2 e5 7.O-O Na6 8.Be3 Ng4
9.Bg5 Qe8 10.dxe5 dxe5 11.h3 f6 12.Bd2 Nh6 13.c5 c6 14.b4 Nf7 15.Qb3 Nc7
16.Rfe1 Be6 17.Bc4 Bxc4 18.Qxc4 Qe6 19.Qxe6  1/2-1/2

[Event "Olympiad"]
[Site "Bled SLO"]
[Date "2002.11.02"]
[Round "8"]
[White "Rahman,Zia"]
[Black "Tratar,M"]
[Result "1-0"]
[WhiteElo "2523"]
[BlackElo "2471"]

1.Nf3 Nf6 2.c4 g6 3.Nc3 Bg7 4.e4 d6 5.d4 O-O 6.Be2 e5 7.d5 a5 8.Bg5 h6 9.Bh4 Na6
10.Nd2 Qe8 11.O-O Nh7 12.a3 Bd7 13.Kh1 a4 14.Nb5 Bxb5 15.cxb5 Nc5 16.f3 Nf6
17.Qc2 Nfd7 18.Rae1 b6 19.Nb1 Ra7 20.Nc3 Kh7 21.Bd1 Rh8 22.Qe2 h5 23.Bc2 Bh6
24.Qd1 Qa8 25.Bf2 Kg7 26.Kg1 Ra5 27.Re2 Qa7 28.g3 Qa8 29.f4 h4 30.Be3 Kg8
31.Rg2 Qc8 32.Qf3 Rh7 33.Qg4 Qd8 34.Qe2 hxg3 35.hxg3 exf4 36.gxf4 Qh4 37.Rh2 Qg3+
38.Kh1 Bg7 39.Rxh7 Kxh7 40.Rf2 Kg8 41.Rg2 Qh4+ 42.Rh2 Qg3 43.Rg2 Qh4+ 44.Kg1 Ra8
45.e5 dxe5 46.f5 e4 47.Bf2 Qf4 48.fxg6 f5 49.Be3 Qh4 50.d6 Ne5 51.dxc7 Ncd3
52.Bxd3 exd3 53.Qf2 Qh5 54.Rg3 Ng4 55.Qg2 Rf8 56.Nd5 Nxe3 57.Ne7+ Kh8 58.Rh3 Nxg2
59.Rxh5+ Bh6 60.Rxh6+ Kg7 61.Rh7+ Kf6 62.g7  1-0

[Event "Olympiad"]
[Site "Bled SLO"]
[Date "2002.11.02"]
[Round "8"]
[White "Situru,N"]
[Black "Belli,M"]
[Result "0-1"]
[WhiteElo "2377"]
[BlackElo "2401"]

1.d4 Nf6 2.c4 g6 3.Nc3 Bg7 4.e4 d6 5.Nf3 O-O 6.Be2 e5 7.O-O exd4 8.Nxd4 Re8
9.f3 c6 10.Nc2 Be6 11.Kh1 a6 12.a4 a5 13.Be3 Na6 14.Qd2 Qc7 15.Rad1 Rad8
16.Bf4 Qb6 17.Bxd6 Qxb2 18.e5 Nh5 19.Ne4 Bxe5 20.Rb1 Qa2 21.f4 Bg7 22.Bxh5 Bf5
23.Bf3 Bxe4 24.Bxe4 Rxe4 25.c5 Nb4 26.Rbc1 Rde8 27.Qd1 Re2 28.Nxb4 axb4 29.f5 Bc3
30.Bg3 Rxg2 31.Qd7 Rge2 32.Rcd1 R2e7 33.Qd3 Qe2 34.f6 Qxd3 35.Rxd3 Re6 36.Rd7 Rxf6
37.Rxf6 Bxf6 38.Rxb7 Bc3 39.a5 Ra8 40.Bc7 Kg7 41.Kg2 Kf6 42.Kf3 Ke6 43.Ke4 f5+
44.Kd3 g5 45.Bb6 h5 46.Rc7 Be5 47.Rxc6+ Kd5 48.Rg6 g4 49.Rg5 Ke6 50.Kc4 h4
51.h3 Bf6  0-1

[Event "Olympiad"]
[Site "Bled SLO"]
[Date "2002.11.02"]
[Round "8"]
[White "Olsen,H"]
[Black "Bieluczyk,B"]
[Result "1-0"]
[WhiteElo "2248"]
[BlackElo "2257"]

1.d4 Nf6 2.c4 d6 3.Nc3 Nbd7 4.e4 e5 5.Nf3 g6 6.Be2 Bg7 7.O-O O-O 8.Qc2 c6
9.Rd1 Re8 10.d5 Qc7 11.Be3 Ng4 12.Bd2 Qb6 13.Be1 c5 14.Rab1 a6 15.a3 Nh6
16.b4 f5 17.Ng5 Nf6 18.Na4 Qa7 19.bxc5 dxc5 20.Ba5 Bd7 21.Nb6 Rab8 22.f3 Bf8
23.Rb3 Bd6 24.Rdb1 Re7 25.Nxd7 Nxd7 26.Qb2 b5 27.Kh1 Ree8 28.Ne6 Rec8 29.Bd2 f4
30.Bxf4 Nf7 31.Be3 bxc4 32.Bxc4 Rxb3 33.Qxb3 Rb8 34.Qc2 Ra8 35.Bd3 Nd8 36.Qa4 Rc8
37.Nxd8 Rxd8 38.Qc6 Nf8 39.Rb7 Qa8 40.Bxa6 c4 41.Bg5 Rb8 42.Rxb8 Qxb8 43.Qxc4 Qb1+
44.Qf1 Qb3 45.g3 Qxa3 46.Qe2 h5 47.Kg2 Qa1 48.Be3 Qa3 49.Bc4 Qb4 50.Qa2 Qb7
51.Qb3 Qc8 52.Qb5 Qc7 53.Bb6 Qe7 54.Qc6 g5 55.Bc5 g4 56.Qxd6 gxf3+ 57.Kxf3 Qf7+
58.Kg2 Ng6 59.Qe6 Kg7 60.Qxf7+ Kxf7 61.Be2 Kf6 62.Bxh5  1-0